Fakemon ou realmon fr - Statistiques

Statistiques générales
  • Ce quiz a été pris 315 fois
    229 depuis la dernière actualisation
  • Le résultat moyen est 12 sur 15
Statistiques - réponses
Question Réponse % Correct
Jellybun Non
99%
Léviator 1g
97%
Tree rex Non
97%
Snowdog Non
96%
Pyrobut Oui 8g
96%
Spectricite Non
94%
Pistari Non
91%
Polsteur Non
91%
Betochef 5g
85%
Golemastoc 5g
84%
Torterra 4g
82%
Baguiguanne 5g
75%
Chevroum 6G
70%
Lokzikt Non
62%
Marcacrin 4g
21%
Aucun quiz correspondant
Distribution des résultats
% des personnes avec chaque résultat
Percentile par nombre de réponses
Votre historique - résultats
Vous n’avez pas pris ce quiz depuis la dernière actualisation